[Event "Transcontinental ABCD"]
[Site "Montreal CAN"]
[Date "2022.06.05"]
[Round "5"]
[White "Baran, Marius"]
[Black "Fiset, Anais Chloe"]
[Result "1-0"]
[WhiteElo "1753"]
[BlackElo "1726"]
[PlyCount "124"]
[EventDate "2022.06.03"]
[EventType "tourn"]
[EventRounds "5"]
[EventCountry "CAN"]

1. d4 d5 2. c4 c6 3. cxd5 cxd5 4. Nc3 Nf6 5. Nf3 a6 6. Bg5 Bg4 7. e3 e6 8. a3
Be7 9. Be2 O-O 10. O-O Nbd7 11. Rc1 Rc8 12. Nd2 Bxe2 13. Qxe2 Rc6 14. Rc2 Qc7
15. Bf4 Qc8 16. Rfc1 Nb6 17. f3 Na4 18. Qd3 Nxb2 19. Rxb2 Bxa3 20. Rbc2 Bxc1
21. Rxc1 b5 22. Nb3 b4 23. Na2 Rxc1+ 24. Naxc1 Qc4 25. e4 Rc8 26. Nc5 Qxd3 27.
N1xd3 a5 28. Kf2 Rc6 29. Ke3 Kf8 30. g4 Ke8 31. g5 Nd7 32. Nxd7 Kxd7 33. Nc5+
Ke7 34. h4 Rc8 35. Kd3 Ra8 36. Na4 Kd8 37. Bd6 Ra6 38. e5 Kc8 39. h5 Rc6 40.
Nc5 Rb6 41. Kc2 a4 42. Nxa4 Ra6 43. Kb3 Ra7 44. Bxb4 Kc7 45. Bc5 Ra8 46. Bb4 h6
47. gxh6 gxh6 48. Bd2 Rh8 49. Nc5 Kd8 50. Nb7+ Ke8 51. Kc3 Kf8 52. Kd3 Kg7 53.
Nd6 f6 54. exf6+ Kxf6 55. Bf4 Ke7 56. Nb7 Kd7 57. Nc5+ Kc6 58. Nxe6 Kd7 59. Be5
Ra8 60. Nf4 Ra2 61. Nxd5 Ra3+ 62. Ke4 Ke6 1-0

[Event "Transcontinental ABCD"]
[Site "Montreal CAN"]
[Date "2022.06.05"]
[Round "5"]
[White "Forgues, Eric"]
[Black "Afarian, Aram Sevag"]
[Result "1-0"]
[WhiteElo "1633"]
[BlackElo "1696"]
[PlyCount "80"]
[EventDate "2022.06.03"]
[EventType "tourn"]
[EventRounds "5"]
[EventCountry "CAN"]

1. e4 c5 2. Nf3 Nc6 3. d4 cxd4 4. Nxd4 g6 5. c3 Bg7 6. Be3 Nf6 7. f3 O-O 8. Nd2
d5 9. Nxc6 bxc6 10. exd5 cxd5 11. Bd3 e5 12. O-O Be6 13. Nb3 Nd7 14. Nc5 Qb6
15. b4 Rfc8 16. Qd2 Nxc5 17. Bxc5 Qc6 18. Rfc1 e4 19. Be2 a5 20. a3 axb4 21.
axb4 Rxa1 22. Rxa1 Ra8 23. Rxa8+ Qxa8 24. Bd4 Bxd4+ 25. Qxd4 Qa2 26. Kf1 Qb1+
27. Kf2 exf3 28. Bxf3 Qc2+ 29. Kg3 h5 30. h4 Qb3 31. Qc5 Qb1 32. Qd4 Qb3 33.
Qd2 Kf8 34. Be2 Bd7 35. Kf2 Ke7 36. Qd4 Ke6 37. Qc5 Qc2 38. b5 Bxb5 39. Qxb5
Qxc3 40. Qe8+ Kf6 1-0

[Event "Transcontinental ABCD"]
[Site "Montreal CAN"]
[Date "2022.06.05"]
[Round "5"]
[White "Gauthier, Luc"]
[Black "Bain-Thouverez, Aurelien"]
[Result "0-1"]
[WhiteElo "1617"]
[BlackElo "1720"]
[PlyCount "70"]
[EventDate "2022.06.03"]
[EventType "tourn"]
[EventRounds "5"]
[EventCountry "CAN"]

1. e4 Nf6 2. e5 Nd5 3. c4 Nb6 4. c5 Nd5 5. Bc4 e6 6. Nc3 Nxc3 7. dxc3 Bxc5 8.
Qg4 Qe7 9. Qxg7 Qf8 10. Qxf8+ Bxf8 11. Nf3 b6 12. Bf4 Bb7 13. O-O-O Nc6 14. Bd3
O-O-O 15. Bg5 Be7 16. Bf6 Bxf6 17. exf6 h6 18. Rhg1 d5 19. Bb5 Nb8 20. Ne5 Rhf8
21. Rd4 c6 22. Be2 Nd7 23. Nxd7 Kxd7 24. Rh4 Rh8 25. Bh5 Rdf8 26. c4 e5 27.
Bg4+ Kd6 28. Rd1 Bc8 29. cxd5 cxd5 30. Bf3 Be6 31. Ra4 Rc8+ 32. Kb1 Rc7 33. Be4
Rhc8 34. Ra3 Rc4 35. Bf3 Bf5+ 0-1

[Event "Transcontinental ABCD"]
[Site "Montreal CAN"]
[Date "2022.06.05"]
[Round "5"]
[White "Girard, Sylvain"]
[Black "Nica, Ion"]
[Result "1/2-1/2"]
[WhiteElo "1639"]
[BlackElo "1696"]
[PlyCount "39"]
[EventDate "2022.06.03"]
[EventType "tourn"]
[EventRounds "5"]
[EventCountry "CAN"]

1. e4 c5 2. Nf3 Nf6 3. e5 Nd5 4. Nc3 Nxc3 5. bxc3 g6 6. d4 d6 7. Bf4 Qa5 8. Qd2
cxd4 9. cxd4 Qxd2+ 10. Bxd2 dxe5 11. Nxe5 a6 12. Bc4 e6 13. O-O Nd7 14. Nf3 b5
15. Be2 Bb7 16. Rfb1 Be4 17. Rb2 Rc8 18. Ne1 h5 19. Bf3 Bxf3 20. Nxf3 1/2-1/2

[Event "Transcontinental ABCD"]
[Site "Montreal CAN"]
[Date "2022.06.05"]
[Round "5"]
[White "Jacquet, Stephane"]
[Black "Guipi Bopala, Prince Eric jr"]
[Result "0-1"]
[WhiteElo "2022"]
[BlackElo "2029"]
[PlyCount "62"]
[EventDate "2022.06.03"]
[EventType "tourn"]
[EventRounds "5"]
[EventCountry "CAN"]

1. d4 d5 2. c4 e6 3. Nc3 Be7 4. Nf3 Nf6 5. cxd5 exd5 6. Bg5 O-O 7. e3 Nbd7 8.
Bd3 c6 9. O-O h6 10. Bh4 Re8 11. Qc2 Ne4 12. Bg3 Nxg3 13. hxg3 Nf6 14. Ne5 Ng4
15. Qe2 Nxe5 16. dxe5 Bc5 17. Na4 Bb6 18. Nxb6 Qxb6 19. f4 Bg4 20. Qd2 f6 21.
Bg6 Re6 22. exf6 Rxf6 23. Qd3 Rd8 24. b3 d4 25. Bh7+ Kh8 26. e4 Kxh7 27. e5+
Bf5 28. Qf3 d3+ 29. Kh2 Rg6 30. Qh5 Bg4 31. Qh4 d2 0-1

[Event "Transcontinental ABCD"]
[Site "Montreal CAN"]
[Date "2022.06.05"]
[Round "5"]
[White "Letarte-Lavoie, Francis"]
[Black "Kozlov, Guennadi"]
[Result "1-0"]
[WhiteElo "1865"]
[BlackElo "1833"]
[PlyCount "49"]
[EventDate "2022.06.03"]
[EventType "tourn"]
[EventRounds "5"]
[EventCountry "CAN"]

1. e4 e6 2. d4 d5 3. Nc3 Bb4 4. e5 c5 5. Bd2 Nc6 6. Nb5 Bxd2+ 7. Qxd2 cxd4 8.
f4 Nge7 9. Nd6+ Kf8 10. Nf3 Qa5 11. Qxa5 Nxa5 12. Nxd4 a6 13. Bd3 Nec6 14. Nf3
Nb4 15. Kd2 Nxd3 16. cxd3 Ke7 17. Nd4 Nc6 18. Nxc6+ bxc6 19. Rhc1 Bd7 20. Rc5
Rhb8 21. Kc3 Rb6 22. b4 f6 23. Rf1 Rf8 24. Rf3 Be8 25. Nc8+ 1-0

[Event "Transcontinental ABCD"]
[Site "Montreal CAN"]
[Date "2022.06.05"]
[Round "5"]
[White "Messier, David"]
[Black "Goldner, John"]
[Result "1-0"]
[WhiteElo "1771"]
[BlackElo "1740"]
[PlyCount "53"]
[EventDate "2022.06.03"]
[EventType "tourn"]
[EventRounds "5"]
[EventCountry "CAN"]

1. e4 e5 2. Nf3 Nc6 3. Bc4 Nf6 4. Ng5 Bc5 5. Bxf7+ Ke7 6. Bd5 Rf8 7. c3 h6 8.
Nf3 d6 9. d4 Bb6 10. h3 g5 11. Be3 Qe8 12. Nbd2 Kd8 13. Bxc6 bxc6 14. dxe5 Bxe3
15. fxe3 Nh5 16. exd6 cxd6 17. O-O g4 18. hxg4 Bxg4 19. Nc4 Qxe4 20. Qxd6+ Ke8
21. Qxf8+ Kxf8 22. Nfd2+ Ke7 23. Nxe4 Be2 24. Rf5 Rg8 25. Re5+ Kd7 26. Rxh5
Bxh5 27. Nf6+ 1-0

[Event "Transcontinental ABCD"]
[Site "Montreal CAN"]
[Date "2022.06.05"]
[Round "5"]
[White "Robichaud, Louis"]
[Black "Constantin, David"]
[Result "0-1"]
[WhiteElo "2129"]
[BlackElo "2082"]
[PlyCount "84"]
[EventDate "2022.06.03"]
[EventType "tourn"]
[EventRounds "5"]
[EventCountry "CAN"]

1. e4 c5 2. d3 e6 3. f4 d5 4. e5 Nc6 5. Nf3 Nh6 6. Be2 Nf5 7. O-O h5 8. Na3 Be7
9. c3 h4 10. Nc2 d4 11. Nd2 Rb8 12. Ne4 b5 13. a4 b4 14. c4 Na5 15. Ne1 Bb7 16.
Bf3 Qd7 17. b3 Rd8 18. Rb1 Nc6 19. Qe2 Qc7 20. Bg4 g6 21. Nf3 Kf8 22. Nfg5 Kg7
23. Bf3 Qd7 24. g4 hxg3 25. hxg3 Rh6 26. g4 Ne3 27. Rf2 Rdh8 28. Bxe3 dxe3 29.
Qxe3 Nd4 30. Bg2 Rh4 31. Qg3 Qc6 32. Rbb2 f5 33. exf6+ Bxf6 34. Rfd2 e5 35.
fxe5 Bxg5 36. Nxg5 Rh1+ 37. Kf2 R8h2 38. Ke3 Rxg2 39. Rxg2 Ne6 40. Nxe6+ Qxe6
41. Rgf2 Qd7 42. Qf4 Rh3+ 0-1

[Event "Transcontinental ABCD"]
[Site "Montreal CAN"]
[Date "2022.06.05"]
[Round "5"]
[White "Sekki, Abderaouf"]
[Black "Cote, Etienne"]
[Result "1-0"]
[WhiteElo "1792"]
[BlackElo "1796"]
[PlyCount "51"]
[EventDate "2022.06.03"]
[EventType "tourn"]
[EventRounds "5"]
[EventCountry "CAN"]

1. d4 Nf6 2. c4 g6 3. Nc3 Bg7 4. e4 d6 5. Be2 O-O 6. Be3 e5 7. d5 a5 8. g4 Na6
9. g5 Nd7 10. h4 f5 11. gxf6 Qxf6 12. Qd2 h6 13. Nf3 Ndc5 14. Rg1 Kh7 15. O-O-O
a4 16. Rg3 Bd7 17. Rdg1 Be8 18. h5 g5 19. Nh4 b6 20. Nf5 Kh8 21. Nxg7 Qxg7 22.
Bxg5 hxg5 23. Rxg5 Qh7 24. h6 Rf6 25. Rg7 Qxh6 26. Qxh6+ 1-0

[Event "Transcontinental ABCD"]
[Site "Montreal CAN"]
[Date "2022.06.05"]
[Round "5"]
[White "Turcotte, Jonathan"]
[Black "Tsukerman, Julia"]
[Result "1-0"]
[WhiteElo "1994"]
[BlackElo "1960"]
[PlyCount "101"]
[EventDate "2022.06.03"]
[EventType "tourn"]
[EventRounds "5"]
[EventCountry "CAN"]

1. d4 d5 2. c4 e6 3. Nf3 Nf6 4. Nc3 Be7 5. Bg5 b6 6. e3 Bb7 7. Rc1 Nbd7 8. Bd3
dxc4 9. Bxc4 c5 10. O-O O-O 11. Qe2 Nd5 12. Bxe7 Nxc3 13. Rxc3 Qxe7 14. Ba6
cxd4 15. Nxd4 Nc5 16. Bxb7 Qxb7 17. Rfc1 e5 18. Nf5 Qe4 19. Ne7+ Kh8 20. Rc4
Qb7 21. Nf5 Ne6 22. h3 g6 23. Nd6 Qd7 24. Rd1 Rad8 25. Rcc1 Qe7 26. Qb5 Nc5 27.
Nc4 e4 28. Rd4 Rxd4 29. exd4 Nd3 30. Rc2 Rd8 31. Ne5 Nxe5 32. Qxe5+ Qxe5 33.
dxe5 Re8 34. Rc7 Kg7 35. Rxa7 Rxe5 36. Rb7 Re6 37. Kf1 Rc6 38. g4 h6 39. Ke1
Kf6 40. h4 h5 41. g5+ Ke6 42. Kd2 f6 43. Rg7 Kf5 44. Rf7 Ke5 45. Rxf6 Rxf6 46.
gxf6 Kxf6 47. a4 g5 48. hxg5+ Kxg5 49. Ke2 h4 50. b4 h3 51. Kf1 1-0

[Event "Transcontinental ABCD"]
[Site "Montreal CAN"]
[Date "2022.06.05"]
[Round "5"]
[White "Varro, Daniel"]
[Black "Jiang, Barron Jiyu"]
[Result "0-1"]
[WhiteElo "1774"]
[BlackElo "1740"]
[PlyCount "135"]
[EventDate "2022.06.03"]
[EventType "tourn"]
[EventRounds "5"]
[EventCountry "CAN"]

1. c4 e5 2. Nc3 Nf6 3. g3 d5 4. cxd5 Nxd5 5. Bg2 Be6 6. e3 Nc6 7. Nge2 Be7 8.
O-O O-O 9. f4 exf4 10. Nxf4 Nxf4 11. Rxf4 Bg5 12. Rf2 Ne5 13. d4 Ng4 14. Re2
Re8 15. h3 Nh6 16. e4 Bxc1 17. Rxc1 Qd7 18. Kh2 c6 19. Rd2 Rad8 20. d5 f5 21.
Rcc2 cxd5 22. Nxd5 Bxd5 23. exd5 f4 24. d6 fxg3+ 25. Kg1 Re3 26. Rc7 Qe8 27.
Qc2 Re1+ 28. Bf1 Qe3+ 29. Kg2 Rf8 30. Qb3+ Qxb3 31. axb3 Rexf1 32. d7 R1f2+ 33.
Rxf2 gxf2 34. Kf1 Nf5 35. Kxf2 Nd6+ 36. Ke3 Rd8 37. Kf4 Kf7 38. Ke5 Ke7 39. Rc3
Rxd7 40. Rg3 Nf7+ 41. Kf4 g5+ 42. Ke4 Rd2 43. Rc3 Nd6+ 44. Ke5 Re2+ 45. Kd5 Kd7
46. Rg3 h6 47. h4 gxh4 48. Rg7+ Re7 49. Rg6 Nf7 50. Rg4 Re5+ 51. Kd4 Rh5 52.
Rg7 Ke6 53. Rg6+ Kf5 54. Rg7 Kf6 55. Rg2 h3 56. Rh2 Ng5 57. Ke3 Rh4 58. Rf2+
Ke5 59. Rh2 Re4+ 60. Kd3 Rg4 61. Re2+ Kd5 62. Rf2 Rg2 63. Rf4 h2 64. Rh4 Nf3
65. Rxh6 Rg1 66. Rh5+ Ke6 67. Rh6+ Kf7 68. Rh7+ 0-1

[Event "Vankleek Hill op"]
[Site "Vankleek Hill CAN"]
[Date "2022.08.13"]
[Round "1"]
[White "Masse-Garneau, Anthony"]
[Black "Wang, Derek"]
[Result "0-1"]
[WhiteElo "1651"]
[BlackElo "1934"]
[PlyCount "48"]
[EventDate "2022.08.13"]
[EventType "swiss"]
[EventRounds "5"]
[EventCountry "CAN"]

1. e4 c5 2. Nf3 Nc6 3. d4 cxd4 4. Nxd4 Nf6 5. Nc3 e6 6. Nxc6 bxc6 7. e5 Nd5 8.
Ne4 Qc7 9. Nd6+ Bxd6 10. exd6 Qxd6 11. c4 Qe5+ 12. Qe2 Qxe2+ 13. Bxe2 Nf6 14.
b3 d6 15. Ba3 c5 16. Rd1 Ke7 17. b4 cxb4 18. Bxb4 Rd8 19. c5 Nd5 20. cxd6+ Ke8
21. Ba3 Rb8 22. O-O Nc3 23. Rd2 Nxe2+ 24. Rxe2 Ba6 0-1

[Event "Vankleek Hill op"]
[Site "Vankleek Hill CAN"]
[Date "2022.08.14"]
[Round "4"]
[White "Petrovic, Milos"]
[Black "Gordon, David"]
[Result "1-0"]
[WhiteElo "2017"]
[BlackElo "2263"]
[PlyCount "79"]
[EventDate "2022.08.13"]
[EventType "swiss"]
[EventRounds "5"]
[EventCountry "CAN"]

1. e4 e5 2. Nf3 Nf6 3. Nc3 Nc6 4. Bb5 Nd4 5. Bc4 Bc5 6. d3 d6 7. Na4 b5 8. Nxd4
bxc4 9. Nf5 Bxf5 10. exf5 Qd7 11. Nxc5 dxc5 12. Qf3 O-O 13. dxc4 e4 14. Qa3
Qxf5 15. Be3 Nd7 16. Rd1 Qg4 17. O-O Rfd8 18. h3 Qe2 19. Rd2 Qxc4 20. Rfd1 Qe6
21. Bxc5 f5 22. Qb3 Qxb3 23. axb3 Nxc5 24. Rxd8+ Rxd8 25. Rxd8+ Kf7 26. Rc8 Ne6
27. Ra8 Ke7 28. Rxa7 Kd7 29. Ra5 g6 30. Kf1 Kd6 31. Ra8 Ke7 32. c3 Kf7 33. b4
f4 34. b5 g5 35. Ra4 Nc5 36. Rc4 Nd3 37. Rxc7+ Ke6 38. b6 Kd6 39. Rc4 Nxb2 40.
b7 1-0

[Event "Vankleek Hill op"]
[Site "Vankleek Hill CAN"]
[Date "2022.08.14"]
[Round "5"]
[White "Van Rooy, Jake"]
[Black "Mok, Yuen Tak"]
[Result "1-0"]
[WhiteElo "2038"]
[BlackElo "2061"]
[PlyCount "63"]
[EventDate "2022.08.13"]
[EventType "swiss"]
[EventRounds "5"]
[EventCountry "CAN"]

1. e4 c6 2. d3 d5 3. Nd2 e5 4. Ngf3 Bd6 5. g3 Nf6 6. Bg2 O-O 7. O-O Bg4 8. h3
Bh5 9. Qe1 Re8 10. Nh4 dxe4 11. dxe4 Nbd7 12. Nf5 Bf8 13. g4 Bg6 14. Nc4 Qc7
15. Bg5 Bxf5 16. exf5 Nd5 17. Be4 Nf4 18. Kh2 Be7 19. Bxe7 Rxe7 20. Rd1 Nb6 21.
f6 Re6 22. Nxb6 axb6 23. fxg7 Rh6 24. Rd3 Nxd3 25. cxd3 Qe7 26. Qe3 Qh4 27. g5
Rd6 28. f4 Rxa2 29. fxe5 Rxb2+ 30. Kh1 Rd7 31. e6 fxe6 32. Qf3 1-0

[Event "Victoria-ch"]
[Site "Victoria CAN"]
[Date "2022.03.05"]
[Round "1.2"]
[White "Gray, Scott"]
[Black "Patterson, Roger"]
[Result "1/2-1/2"]
[WhiteElo "1308"]
[BlackElo "2078"]
[PlyCount "39"]
[EventDate "2022.03.05"]
[EventType "swiss"]
[EventRounds "6"]
[EventCountry "CAN"]

1. d4 Nf6 2. c4 g6 3. Nc3 Bg7 4. e4 O-O 5. Nf3 d6 6. Be2 e5 7. O-O exd4 8. Nxd4
c6 9. f3 Re8 10. Kh1 a5 11. Be3 d5 12. cxd5 cxd5 13. Ndb5 Nc6 14. Bg5 d4 15.
Nd5 Re5 16. Nxf6+ Bxf6 17. Bxf6 Qxf6 18. Nxd4 Rc5 19. Nxc6 Rxc6 20. Qd2 1/2-1/2

[Event "Victoria-ch"]
[Site "Victoria CAN"]
[Date "2022.03.05"]
[Round "1.3"]
[White "Cordon, Ian"]
[Black "Drake, Stephen"]
[Result "1-0"]
[WhiteElo "1968"]
[BlackElo "1281"]
[PlyCount "115"]
[EventDate "2022.03.05"]
[EventType "swiss"]
[EventRounds "6"]
[EventCountry "CAN"]

1. e4 e5 2. Nf3 Nc6 3. Bb5 a6 4. Ba4 Nf6 5. O-O Be7 6. Qe2 b5 7. Bb3 O-O 8. c3
d6 9. h3 Na5 10. Bc2 c5 11. d3 Qc7 12. Nbd2 Re8 13. Re1 Nc6 14. Nf1 h6 15. Bd2
Bd7 16. Ne3 Bf8 17. Bb3 Ne7 18. Rad1 a5 19. Bc1 a4 20. Bc2 b4 21. d4 cxd4 22.
cxd4 Rec8 23. Rd2 Be6 24. Bb1 b3 25. a3 Ng6 26. Rdd1 Nf4 27. Qf1 g5 28. Bd2
N6h5 29. Bc3 f6 30. g4 Ng7 31. Kh2 Qf7 32. Nf5 Nxf5 33. exf5 Bc4 34. Qg1 h5 35.
Nd2 Ba6 36. dxe5 dxe5 37. Be4 Ra7 38. Nf1 Rac7 39. Ne3 Bb7 40. Bxb7 Rxb7 41.
Rd2 Rbc7 42. Red1 Rxc3 43. bxc3 Bxa3 44. c4 e4 45. Rd7 Be7 46. Qh1 hxg4 47.
Qxe4 Re8 48. Nxg4 Qf8 49. Re1 b2 50. c5 a3 51. Qc4+ Kh8 52. c6 Bd6 53. Nxf6 Re7
54. Rdxe7 Bxe7 55. Rxe7 Qxf6 56. Rb7 Qd6 57. Qc3+ Kg8 58. Qg7# 1-0

[Event "Victoria-ch"]
[Site "Victoria CAN"]
[Date "2022.03.05"]
[Round "2.1"]
[White "Deimert, Elroy"]
[Black "Huang, Patrick"]
[Result "0-1"]
[WhiteElo "1460"]
[BlackElo "2240"]
[PlyCount "58"]
[EventDate "2022.03.05"]
[EventType "swiss"]
[EventRounds "6"]
[EventCountry "CAN"]

1. e4 g6 2. d4 Bg7 3. Nf3 d6 4. Bc4 Nf6 5. Nc3 O-O 6. O-O Nxe4 7. Bxf7+ Rxf7 8.
Nxe4 h6 9. Be3 Bg4 10. Ned2 e5 11. c3 Qe8 12. Qb3 e4 13. Ne1 Be2 14. Qxb7 Nc6
15. Qb3 Bxf1 16. Kxf1 Rb8 17. Qc2 d5 18. Qc1 Ne7 19. Nb3 Nf5 20. Nc2 a5 21. Kg1
Qb5 22. Rb1 Rbf8 23. Qd2 Nxe3 24. Nxe3 Rxf2 25. Qxf2 Rxf2 26. Kxf2 Bf8 27. Rd1
a4 28. Nc5 Qxb2+ 29. Kg1 Qe2 0-1

[Event "Victoria-ch"]
[Site "Victoria CAN"]
[Date "2022.03.05"]
[Round "2.2"]
[White "McLean, Jimmy"]
[Black "Cordon, Ian"]
[Result "0-1"]
[WhiteElo "1347"]
[BlackElo "1968"]
[PlyCount "52"]
[EventDate "2022.03.05"]
[EventType "swiss"]
[EventRounds "6"]
[EventCountry "CAN"]

1. e4 c6 2. d4 d5 3. f3 g6 4. Nc3 Bg7 5. e5 e6 6. Bd3 Qh4+ 7. g3 Qxd4 8. f4 Nd7
9. Qe2 Qb6 10. Nf3 Ne7 11. Rb1 O-O 12. Be3 Qc7 13. Kf2 a6 14. b4 f6 15. Bd4
fxe5 16. fxe5 Bxe5 17. Kg2 Rxf3 18. Qxf3 Bxd4 19. Rhf1 Nf5 20. Bxf5 exf5 21.
Nxd5 Qd6 22. Nf4 Ne5 23. Qe2 Be6 24. Rfd1 Bd5+ 25. Kh3 Bf3 26. Qd2 g5 0-1

[Event "Victoria-ch"]
[Site "Victoria CAN"]
[Date "2022.03.05"]
[Round "2.3"]
[White "Allan, Philip"]
[Black "Yonkman, Trevor"]
[Result "0-1"]
[WhiteElo "1759"]
[BlackElo "1393"]
[PlyCount "80"]
[EventDate "2022.03.05"]
[EventType "swiss"]
[EventRounds "6"]
[EventCountry "CAN"]

1. Nf3 Nf6 2. d4 g6 3. g3 Bg7 4. Bg2 d5 5. O-O O-O 6. b3 c5 7. e3 Nc6 8. Bb2
Ne4 9. Qc1 Bf5 10. dxc5 e5 11. Nh4 Qd7 12. Nxf5 Qxf5 13. Nd2 Nxc5 14. Ba3 Ne6
15. Bxf8 Rxf8 16. Bxd5 Ng5 17. Bg2 e4 18. h4 Nf3+ 19. Bxf3 exf3 20. Kh2 Qg4 21.
Qd1 Ne5 22. Nc4 Nxc4 23. bxc4 Be5 24. Rh1 Qxh4+ 25. Kg1 Qg5 26. Qe1 Re8 27. Rd1
Bxg3 28. fxg3 Rxe3 29. Qf2 Re2 30. Qxf3 Re3 31. Rd5 Qe7 32. Qg4 Re1+ 33. Kh2
Re2+ 34. Kh3 Rxc2 35. Rhd1 Rxa2 36. Rd8+ Kg7 37. Qd4+ Kh6 38. Qh4+ Qxh4+ 39.
Kxh4 f5 40. R8d6 Rh2# 0-1

[Event "Victoria-ch"]
[Site "Victoria CAN"]
[Date "2022.03.05"]
[Round "3.1"]
[White "Huang, Patrick"]
[Black "Leblanc, Paul"]
[Result "1-0"]
[WhiteElo "2240"]
[BlackElo "1714"]
[PlyCount "77"]
[EventDate "2022.03.05"]
[EventType "swiss"]
[EventRounds "6"]
[EventCountry "CAN"]

1. d4 d5 2. Bf4 Bf5 3. e3 e6 4. c4 c6 5. Nc3 Nf6 6. Qb3 Qb6 7. c5 Qxb3 8. axb3
Nbd7 9. h3 Be7 10. Nf3 O-O 11. b4 a6 12. Nd2 Rac8 13. Nb3 Bd8 14. g4 Bg6 15.
Be2 Bc7 16. Bxc7 Rxc7 17. O-O e5 18. dxe5 Ne4 19. f4 Ng3 20. f5 Nxf1 21. Rxf1
Nxe5 22. fxg6 hxg6 23. e4 dxe4 24. Nxe4 f5 25. gxf5 gxf5 26. Nd4 Rcf7 27. Nd6
Rf6 28. N4xf5 Kh8 29. Rf4 g5 30. Rf1 Ng6 31. Bg4 Nf4 32. h4 Ne6 33. Ne4 Rg6 34.
h5 Rgg8 35. Rd1 Nf4 36. Rd6 Rf7 37. Rh6+ Rh7 38. Rxh7+ Kxh7 39. Nf6+ 1-0

[Event "Victoria-ch"]
[Site "Victoria CAN"]
[Date "2022.03.05"]
[Round "3.2"]
[White "Cordon, Ian"]
[Black "Yonkman, Trevor"]
[Result "1-0"]
[WhiteElo "1968"]
[BlackElo "1393"]
[PlyCount "47"]
[EventDate "2022.03.05"]
[EventType "swiss"]
[EventRounds "6"]
[EventCountry "CAN"]

1. c4 e5 2. g3 Nf6 3. Bg2 Nc6 4. Nc3 d6 5. e3 Be7 6. Nge2 h5 7. h3 Be6 8. d3 d5
9. Qb3 Nb4 10. O-O Nxd3 11. Nxd5 Nc5 12. Nxf6+ gxf6 13. Qc2 Qc8 14. h4 Bh3 15.
b4 Bxg2 16. Kxg2 e4 17. bxc5 Qg4 18. Nc3 Qf3+ 19. Kh2 f5 20. Qe2 Bf6 21. Qxf3
exf3 22. Bb2 Rg8 23. Rad1 Rg4 24. Nd5 1-0

[Event "Victoria-ch"]
[Site "Victoria CAN"]
[Date "2022.03.05"]
[Round "3.3"]
[White "Allan, Philip"]
[Black "Patterson, Roger"]
[Result "0-1"]
[WhiteElo "1759"]
[BlackElo "2078"]
[PlyCount "72"]
[EventDate "2022.03.05"]
[EventType "swiss"]
[EventRounds "6"]
[EventCountry "CAN"]

1. e4 c5 2. Nf3 e6 3. d4 cxd4 4. Nxd4 Nf6 5. Nc3 Nc6 6. Nxc6 bxc6 7. Bd3 d5 8.
O-O Be7 9. e5 Nd7 10. f4 O-O 11. Qh5 g6 12. Qe2 f6 13. Bd2 Qc7 14. Rad1 Nc5 15.
Kh1 Bd7 16. Be3 Nxd3 17. cxd3 fxe5 18. fxe5 Qxe5 19. d4 Qg7 20. Qd2 Rxf1+ 21.
Rxf1 Rf8 22. Rxf8+ Qxf8 23. Kg1 Qf5 24. a3 Bf6 25. Na4 e5 26. dxe5 Bxe5 27. Nc5
Bc8 28. Nb3 Qb1+ 29. Qc1 Qxc1+ 30. Bxc1 c5 31. Be3 d4 32. Bf2 Bd6 33. Nd2 Be6
34. Ne4 Be7 35. Kf1 Bc4+ 36. Kg1 Bg5 0-1

[Event "Victoria-ch"]
[Site "Victoria CAN"]
[Date "2022.03.06"]
[Round "4.1"]
[White "Cordon, Ian"]
[Black "Huang, Patrick"]
[Result "1/2-1/2"]
[WhiteElo "1968"]
[BlackElo "2240"]
[PlyCount "33"]
[EventDate "2022.03.05"]
[EventType "swiss"]
[EventRounds "6"]
[EventCountry "CAN"]

1. c4 b6 2. Nc3 Bb7 3. e4 e5 4. g3 Nc6 5. Bg2 Bc5 6. Nge2 Nge7 7. O-O O-O 8. d3
Nd4 9. Be3 Nxe2+ 10. Qxe2 f5 11. Bxc5 bxc5 12. f4 exf4 13. Rxf4 Rb8 14. Raf1
Re8 15. Qf2 fxe4 16. Bxe4 Bxe4 17. Rxe4 1/2-1/2

[Event "Victoria-ch"]
[Site "Victoria CAN"]
[Date "2022.03.06"]
[Round "4.2"]
[White "Leblanc, Paul"]
[Black "Patterson, Roger"]
[Result "0-1"]
[WhiteElo "1714"]
[BlackElo "2078"]
[PlyCount "84"]
[EventDate "2022.03.05"]
[EventType "swiss"]
[EventRounds "6"]
[EventCountry "CAN"]

1. d4 Nf6 2. Bf4 g6 3. e3 Bg7 4. Nf3 O-O 5. h3 b6 6. Nbd2 Bb7 7. Be2 c5 8. c3
d6 9. O-O Nbd7 10. Qb3 Qc7 11. Rfd1 Rac8 12. Bc4 Bxf3 13. gxf3 Nb8 14. d5 Qb7
15. e4 Nh5 16. Bh2 Bh6 17. e5 dxe5 18. Ne4 Bf4 19. d6 Rcd8 20. Bxf4 Nxf4 21.
dxe7 Qxe7 22. Kh2 Kg7 23. Rxd8 Rxd8 24. Rd1 f5 25. Ng3 Rxd1 26. Qxd1 Qd7 27.
Qe1 Qd6 28. Qe3 Nd7 29. Ne2 Nxe2 30. Qxe2 Nf6 31. Kg2 Nh5 32. Qe3 Nf4+ 33. Kh2
Kf6 34. b4 cxb4 35. cxb4 Qxb4 36. Bb3 Qd4 37. Kg3 Qxe3 38. fxe3 Ne6 39. f4 h6
40. h4 b5 41. Kf3 exf4 42. exf4 Nd4+ 0-1

[Event "Victoria-ch"]
[Site "Victoria CAN"]
[Date "2022.03.06"]
[Round "4.3"]
[White "Mingrone, Peter"]
[Black "Forman, Ken"]
[Result "1-0"]
[WhiteElo "1376"]
[BlackElo "1661"]
[PlyCount "81"]
[EventDate "2022.03.05"]
[EventType "swiss"]
[EventRounds "6"]
[EventCountry "CAN"]

1. e4 c5 2. Nf3 d6 3. g3 Nf6 4. d3 Nc6 5. Bg2 e6 6. O-O Be7 7. Re1 O-O 8. c3
Qc7 9. Nbd2 Rb8 10. a3 b5 11. d4 Rd8 12. Qe2 Re8 13. e5 dxe5 14. dxe5 Nd7 15.
Nf1 a6 16. h4 Bb7 17. Bf4 c4 18. N1h2 Nc5 19. Ng4 Nd3 20. Red1 Bc5 21. h5 Nxf4
22. gxf4 Ne7 23. h6 Nd5 24. hxg7 Kxg7 25. Qd2 Be7 26. f5 exf5 27. Qh6+ Kh8 28.
Rxd5 Bf8 29. Qh4 fxg4 30. Ng5 f5 31. e6 Re7 32. Rxf5 Bxg2 33. Rf7 Rxf7 34.
Nxf7+ Kg8 35. Qxg4+ Bg7 36. Kxg2 Qe7 37. Rg1 Rb7 38. Kh1 Qf6 39. Rd1 Rxf7 40.
exf7+ Qxf7 41. Rd8+ 1-0

[Event "Victoria-ch"]
[Site "Victoria CAN"]
[Date "2022.03.06"]
[Round "5.1"]
[White "Patterson, Roger"]
[Black "Cordon, Ian"]
[Result "1/2-1/2"]
[WhiteElo "2078"]
[BlackElo "1968"]
[PlyCount "45"]
[EventDate "2022.03.05"]
[EventType "swiss"]
[EventRounds "6"]
[EventCountry "CAN"]

1. c4 c5 2. Nc3 Nc6 3. g3 g6 4. Bg2 Bg7 5. Nf3 Nf6 6. O-O O-O 7. d4 cxd4 8.
Nxd4 Nxd4 9. Qxd4 d6 10. e4 Ng4 11. Qd2 Ne5 12. b3 Bg4 13. f4 Nc6 14. Bb2 Qb6+
15. Kh1 Bd7 16. Nd5 Qd8 17. Bxg7 Kxg7 18. Ne3 Qc8 19. Rad1 Bh3 20. Qb2+ Kg8 21.
Rd2 Bxg2+ 22. Kxg2 b6 23. Rfd1 1/2-1/2

[Event "Victoria-ch"]
[Site "Victoria CAN"]
[Date "2022.03.06"]
[Round "5.2"]
[White "Huang, Patrick"]
[Black "Jillings, Duncan"]
[Result "1-0"]
[WhiteElo "2240"]
[BlackElo "1603"]
[PlyCount "51"]
[EventDate "2022.03.05"]
[EventType "swiss"]
[EventRounds "6"]
[EventCountry "CAN"]

1. d4 Nf6 2. Bf4 d5 3. e3 Bf5 4. c4 e6 5. Nc3 c5 6. Nf3 Nc6 7. Qa4 Qd7 8. cxd5
exd5 9. Bb5 Bd6 10. Bxc6 bxc6 11. Bxd6 Qxd6 12. Qa3 O-O 13. O-O Qc7 14. Qxc5
Qb6 15. Qxb6 axb6 16. Rfc1 Rfc8 17. b4 Nd7 18. a4 Bd3 19. Ne1 Bc4 20. Nf3 f6
21. Nd2 b5 22. Nxc4 bxc4 23. e4 dxe4 24. Nxe4 Nb6 25. a5 Nd5 26. Rxc4 1-0